000 01139nam a22002537a 4500
999 _c11711
_d11711
003 AR-CdUCM
008 190404b ||||| |||| 00| 0 spa d
040 _aMUNICIPALIDAD PROVINCIAL DEL CUSCO
_cBIBLIOTECA MUNICIPAL DEL CUSCO
082 _a985.002 /
_bP838 / 1954
100 _aPorras Barrenechea, Raúl
_91670
245 _aFuentes históricas peruanas :
_bApuntes de un curso universitario /
260 _aLima :
_bJuan Mejía Baca : P.L. Villanueva,
_c1954.
300 _a601 páginas ;
_bIlustraciones,
_c25 cm.
500 _aLibro Dañado.
505 _aContenido: Nota preliminar -- Programa de fuentes históricas (1945) -- Concepto y clasificación de las fuentes -- El lenguaje peruano -- Los quechuistas en el Perú -- La arqueología: fuente histórica
650 _aPerú
_935
650 _aCartografía
_93722
650 _aHistoria
_9136
650 _aBibliografía
_91484
650 _aCartografía-- -Perú. Perú-- -Historia-- -Bibliografía. Perú-- -Historiografía. Perú-- -Historia-- -Estudio y enseñanza.
_929200
650 _aEstudio y enseñanza.
_92610
942 _2ddc
_cLIBROS
945 _acmm
_d2019-04-04